Marketingom pre úspech v spoločnom podnikaní v turizme

1. ročník workshopu na tému: "Rozvoj regiónov, propagácia kultúry, mládeže, športu, tradícií a cezhraničnej spolupráce".

Uložené v:
Podrobná bibliografia
Hlavný autor: Orgonáš, Jozef, 1957-
Médium: Kapitola
Jazyk:Slovak
Predmet:
Tagy: Pridať tag
Žiadne tagy, Buďte prvý, kto otaguje tento záznam!

MARC

LEADER 00000naa$a2200000$$$4500
001 0210300
005 20240502073512.3
041 0 |a slo 
044 |a SK 
245 1 0 |a Marketingom pre úspech v spoločnom podnikaní v turizme  |c Jozef Orgonáš 
520 |a 1. ročník workshopu na tému: "Rozvoj regiónov, propagácia kultúry, mládeže, športu, tradícií a cezhraničnej spolupráce". 
610 2 0 |a rozvoj regionálny 
610 2 0 |a marketing regionálny 
610 2 0 |a ekonomika priestorová 
610 2 0 |a produkt regionálny 
610 2 0 |a spolupráca regionálna 
100 1 |a Orgonáš, Jozef, 1957-